Library of the University of Algiers 3
Ibrahim Sultan Cheibout
شعار جامعة الجزائر 3
مكتبة جامعة الجزائر 3
إبراهيم سلطان شيبوط

في إدارة التكلفة لأغراض قياس تكلفة الانتاج و الخدمات و التخطيط و الرقابة : (رقم التسجيلة. 43857)

تفاصيل مارك
000 -LEADER
fixed length control field 01888nam a2200253Ia 4500
003 - CONTROL NUMBER IDENTIFIER
control field Ost
005 - DATE AND TIME OF LATEST TRANSACTION
control field 20260507075310.0
008 - FIXED-LENGTH DATA ELEMENTS--GENERAL INFORMATION
fixed length control field 260507s9999||||xx |||||||||||||| ||und||
020 ## - INTERNATIONAL STANDARD BOOK NUMBER
International Standard Book Number 945438977
040 ## - CATALOGING SOURCE
Transcribing agency fsecg
041 ## - LANGUAGE CODE
Language code of text/sound track or separate title ara
082 ## - DEWEY DECIMAL CLASSIFICATION NUMBER
Classification number 330
100 ## - MAIN ENTRY--PERSONAL NAME
Personal name مرعي، عطية عبد الحي
Relator term مؤلف
245 #0 - TITLE STATEMENT
Title في إدارة التكلفة لأغراض قياس تكلفة الانتاج و الخدمات و التخطيط و الرقابة :
Remainder of title تطبيقات باستخدام برنامج excel -xp /
Statement of responsibility, etc. عطية عبد الحي مرعي
260 ## - PUBLICATION, DISTRIBUTION, ETC.
Place of publication, distribution, etc. الاسكندرية:
Name of publisher, distributor, etc. المكتب الجامعي الحديث,
Date of publication, distribution, etc. 2008
300 ## - PHYSICAL DESCRIPTION
Extent 434 صفحة؛
Other physical details إيضاحات ؛
Dimensions 25 سم
520 ## - SUMMARY, ETC.
Summary, etc. مفهوم ومضمون التكلفة و تحليل سلوك عناصرها و خصائص و إجراءات و محددات تطبيق أنظمةتكاليف المراحل ، إجراءات قياس تكلفة الانتاج النكطي في حالة انتظام إظافة عناصر التكلفة و في حالات عدم انتظام إضافة عناصر التكاليف و في حالة وجود مسموحات و خسائر تشغيل و تعدد المنتجات ، محاسبة المسؤولية و أساليب و مستويات الرقابة ، مفاهيم و خصائص نموذج التكاليف المعيارية و معايير التلكفة و تحليل إنحرافات عناصر الاستخدامات المباشرة ، معايير التكلفة المباشرة و تحليل الانحرافات في ضوء ظروف واقعية و الرقابة باستخدام الموازنات و قياس تكلفة الانتاج معياريا.
653 ## - INDEX TERM--UNCONTROLLED
Uncontrolled term الادارة
653 ## - INDEX TERM--UNCONTROLLED
Uncontrolled term الانتاج
653 ## - INDEX TERM--UNCONTROLLED
Uncontrolled term التخطيط
653 ## - INDEX TERM--UNCONTROLLED
Uncontrolled term التكاليف ــ ادارة
653 ## - INDEX TERM--UNCONTROLLED
Uncontrolled term الرقابة
942 ## - ADDED ENTRY ELEMENTS (KOHA)
Koha item type كتب
المقتنيات
Withdrawn status Lost status Source of classification or shelving scheme Damaged status Not for loan Home library Current library Date acquired Serial enumeration / chronology Inventory number Total checkouts Full call number Barcode Date last seen Price effective from Koha item type
    Dewey Decimal Classification   NOT LOAN / إعارة داخلية مكتبة كلية العلوم الإقتصادية والعلوم التجارية وعلوم التسيير مكتبة كلية العلوم الإقتصادية والعلوم التجارية وعلوم التسيير 07/05/2026 الطابق الأرضي 2011/18581   أ/3835ن1 2011/18581 07/05/2026 07/05/2026 كتب
    Dewey Decimal Classification   Available مكتبة كلية العلوم الإقتصادية والعلوم التجارية وعلوم التسيير مكتبة كلية العلوم الإقتصادية والعلوم التجارية وعلوم التسيير 07/05/2026 الطابق الأرضي 2011/18582   أ/3835ن2 2011/18582 07/05/2026 07/05/2026 كتب
    Dewey Decimal Classification   Available مكتبة كلية العلوم الإقتصادية والعلوم التجارية وعلوم التسيير مكتبة كلية العلوم الإقتصادية والعلوم التجارية وعلوم التسيير 07/05/2026 الطابق الأرضي 2011/18583   أ/3835ن3 2011/18583 07/05/2026 07/05/2026 كتب

موارد الويب المفتوحة


© University of Algiers 3 All Rights Reserved
|
Implemented by LECHELAH Riad